<?xml version="1.0" encoding="UTF-8"?>
<record
    xmlns:xsi="http://www.w3.org/2001/XMLSchema-instance"
    xsi:schemaLocation="http://www.loc.gov/MARC21/slim http://www.loc.gov/standards/marcxml/schema/MARC21slim.xsd"
    xmlns="http://www.loc.gov/MARC21/slim">

  <leader>01857nam a22002297a 4500</leader>
  <controlfield tag="005">20260407101658.0</controlfield>
  <controlfield tag="008">260407b        |||||||| |||| 00| 0 eng d</controlfield>
  <datafield tag="022" ind1=" " ind2=" ">
    <subfield code="a">1754-7001</subfield>
  </datafield>
  <datafield tag="040" ind1=" " ind2=" ">
    <subfield code="c">tbs</subfield>
  </datafield>
  <datafield tag="041" ind1=" " ind2=" ">
    <subfield code="h">English</subfield>
  </datafield>
  <datafield tag="245" ind1=" " ind2=" ">
    <subfield code="a">Monocle</subfield>
  </datafield>
  <datafield tag="250" ind1=" " ind2=" ">
    <subfield code="a">Physical copies are available on the journal display stand. The first issue received in print is dated April 2026</subfield>
  </datafield>
  <datafield tag="260" ind1=" " ind2=" ">
    <subfield code="a">London [Monocle, Winkontent Ltd.] [n.d.]</subfield>
  </datafield>
  <datafield tag="300" ind1=" " ind2=" ">
    <subfield code="b">v. ill., col. 27 cm</subfield>
  </datafield>
  <datafield tag="505" ind1=" " ind2=" ">
    <subfield code="a">If you need access to specific articles or archive content, please contact the Library: biblioteca@tbs-education.es</subfield>
  </datafield>
  <datafield tag="520" ind1=" " ind2=" ">
    <subfield code="a">Monocle is an international magazine covering global affairs, business, culture, design, and lifestyle. It offers in-depth reporting, analysis, and commentary on economic trends, urbanism, geopolitics, branding, and entrepreneurship. The magazine is known for its high-quality editorial approach and global perspective, making it a valuable resource for research in areas such as: International business &#x2014; Urban studies &#x2014; Branding and marketing &#x2014; Design and innovation &#x2014; Global trends and geopolitics.

Publication type: General interest magazine with strong business and cultural analysis focus
Coverage: Global
Audience: Professionals, entrepreneurs, designers, analysts, researchers, and general readers interested in international affairs</subfield>
  </datafield>
  <datafield tag="650" ind1=" " ind2="0">
    <subfield code="a">International Business environment</subfield>
    <subfield code="v">Periodicals</subfield>
  </datafield>
  <datafield tag="650" ind1=" " ind2="0">
    <subfield code="a">Global affairs</subfield>
    <subfield code="v">Periodicals</subfield>
  </datafield>
  <datafield tag="650" ind1=" " ind2="0">
    <subfield code="a">Design and lifestyle</subfield>
    <subfield code="v">Periodicals</subfield>
  </datafield>
  <datafield tag="856" ind1=" " ind2=" ">
    <subfield code="u">https://forms.office.com/pages/responsepage.aspx?id=3JgoptjIYEy4BQK1rRDJg0iwbkJM24xIuPOmWtt7hitUQkU4QTNHNTg2WlhDUDRQQ1hZWVZKMks3WiQlQCN0PWcu&amp;route=shorturl</subfield>
    <subfield code="y">Please fill in this form if you require access to an article from the archive or if you are carrying out a subject search. Website of Monocle</subfield>
  </datafield>
  <datafield tag="942" ind1=" " ind2=" ">
    <subfield code="2">lcc</subfield>
    <subfield code="c">JOURNAL</subfield>
  </datafield>
  <datafield tag="952" ind1=" " ind2=" ">
    <subfield code="0">0</subfield>
    <subfield code="1">0</subfield>
    <subfield code="2">lcc</subfield>
    <subfield code="4">0</subfield>
    <subfield code="5">13</subfield>
    <subfield code="7">4</subfield>
    <subfield code="8">REF</subfield>
    <subfield code="a">TBS</subfield>
    <subfield code="b">TBS</subfield>
    <subfield code="c">DISPLAY</subfield>
    <subfield code="d">2026-04-07</subfield>
    <subfield code="l">0</subfield>
    <subfield code="o">The journal is available on the new arrivals shelf </subfield>
    <subfield code="p">B09004</subfield>
    <subfield code="r">2026-04-07</subfield>
    <subfield code="t">1</subfield>
    <subfield code="w">2026-04-07</subfield>
    <subfield code="y">JOURNAL</subfield>
    <subfield code="z">April 2026 - Issue 192</subfield>
  </datafield>
  <datafield tag="999" ind1=" " ind2=" ">
    <subfield code="c">5419</subfield>
    <subfield code="d">5419</subfield>
  </datafield>
</record>
